|
|
|
|
| LEADER |
00890nam a22002291 4500 |
| 001 |
c000363772 |
| 003 |
CARM |
| 005 |
00000000000000.0 |
| 008 |
851113s1959 gw 0 ger d |
| 019 |
1 |
|
|a 4153349
|5 LACONCORD2021
|
| 035 |
|
|
|a (OCoLC)1187315
|5 LACONCORD2021
|
| 100 |
1 |
|
|a Heckmann, Herbert.
|
| 245 |
1 |
0 |
|a Elemente des barocken Trauerspiels /
|c am Beispiel des "Papinian" von Andreas Gryphius.
|
| 260 |
|
|
|a Darmstadt :
|b Gentner,
|c 1959.
|
| 490 |
0 |
|
|a Literatur als Kunst
|
| 600 |
1 |
0 |
|a Gryphius, Andreas,
|d 1616-1664.
|t Grossmütiger Rechtsgelehrter.
|
| 650 |
|
0 |
|a Baroque literature.
|
| 650 |
|
0 |
|a German drama
|y 17th Century.
|
| 852 |
8 |
|
|b CARM
|h A1:AP32C0
|i B07878
|p 0351203
|f BK
|
| 082 |
0 |
4 |
|a 832.5
|
| 999 |
f |
f |
|i f643721b-ccc3-5bc6-b9ce-1b239219b6ee
|s ff4daac4-aae7-5ab8-bc41-932e345d0610
|
| 952 |
f |
f |
|p Can circulate
|a CAVAL
|b CAVAL
|c CAVAL
|d CARM 1 Store
|e B07878
|f A1:AP32C0
|h Other scheme
|i book
|m 0351203
|